| Tag |
First Indicator |
Second Indicator |
Subfields |
| LEADER |
00000nam a2200000 a 4500 |
| 001 |
in00004681021 |
| 006 |
m o d |
| 007 |
cr bn||||||abp |
| 007 |
cr bn||||||ada |
| 008 |
100712s1992 dcuab ob 001 0 eng d |
| 005 |
20260214232953.2 |
| 020 |
|
|
|a 9781118663950
|q (electronic bk.)
|
| 020 |
|
|
|a 1118663950
|q (electronic bk.)
|
| 020 |
|
|
|z 087590033X
|
| 020 |
|
|
|z 9780875900339
|
| 035 |
|
|
|a wil6007436
|
| 035 |
|
|
|a (NhCcYBP)wil6007436
|
| 040 |
|
|
|a NhCcYBP
|b eng
|c NhCcYBP
|
| 042 |
|
|
|a dlr
|
| 050 |
|
4 |
|a GB2401.72.R42
|b M53 1992
|
| 082 |
0 |
4 |
|a 551.3/43
|2 20
|
| 245 |
0 |
0 |
|a Microwave remote sensing of sea ice /
|c Frank D. Carsey, editor.
|
| 260 |
|
|
|a Washington, DC :
|b American Geophysical Union,
|c ©1992.
|
| 300 |
|
|
|a 1 online resource (462 pages) :
|b illustrations (some color), maps (some color)
|
| 336 |
|
|
|a text
|b txt
|2 rdacontent
|
| 337 |
|
|
|a computer
|b c
|2 rdamedia
|
| 338 |
|
|
|a online resource
|b cr
|2 rdacarrier
|
| 490 |
1 |
|
|a Geophysical monograph,
|x 0065-8448 ;
|v 68
|
| 504 |
|
|
|a Includes bibliographical references and index.
|
| 533 |
|
|
|a Electronic reproduction.
|b [Place of publication not identified] :
|c HathiTrust Digital Library,
|d 2010.
|5 MiAaHDL
|
| 538 |
|
|
|a Master and use copy. Digital master created according to Benchmark for Faithful Digital Reproductions of Monographs and Serials, Version 1. Digital Library Federation, December 2002.
|u http://purl.oclc.org/DLF/benchrepro0212
|5 MiAaHDL
|
| 583 |
1 |
|
|a digitized
|c 2010
|h HathiTrust Digital Library
|l committed to preserve
|2 pda
|5 MiAaHDL
|
| 588 |
0 |
|
|a Print version record.
|
| 650 |
|
0 |
|a Sea ice
|x Remote sensing.
|
| 650 |
|
0 |
|a Microwave remote sensing.
|
| 655 |
|
4 |
|a Electronic books.
|
| 700 |
1 |
|
|a Carsey, Frank D.
|
| 776 |
0 |
8 |
|i Print version:
|w (DLC) 92041032
|
| 830 |
|
0 |
|a Geophysical monograph ;
|v 68.
|x 0065-8448
|
| 856 |
4 |
0 |
|u http://proxy.library.tamu.edu/login?url=https://onlinelibrary.wiley.com/book/10.1029/GM068
|z Connect to the full text of this electronic book
|t 0
|
| 955 |
|
|
|a Wiley EBA record
|
| 975 |
|
|
|p Wiley UBCM Full Collection 2026
|
| 999 |
f |
f |
|s 8f3af1db-f644-4dca-b9f2-817dbfa7c942
|i e3845739-5faa-4c2d-bb90-ab4d55bc015b
|t 0
|
| 952 |
f |
f |
|a Texas A&M University
|b College Station
|c Electronic Resources
|s evans_pda
|d Available Online
|t 0
|e GB2401.72.R42 M53 1992
|h Library of Congress classification
|
| 998 |
f |
f |
|a GB2401.72.R42 M53 1992
|t 0
|l Available Online
|